00446cam a2200181ua 45000010005000000080039000050200015000440400009000590410008000680820010000761000025000862450046001112500020001572600042001773000010002196530014002296530021002439716160802n ii |||gr||||Z||||||eng a8176630500 cMAIN aeng a330.9 aPaul, R.R.,eAuthor. aHistory of economic thoughtcby R.R. Paul a5th rev/enl ed. aLudhiana:bKalyani publishers,c1999. a638p. aEconomics aEconomic thought